| 000 | 01193nam a22002537a 4500 | ||
|---|---|---|---|
| 005 | 20241128121605.0 | ||
| 010 | _aB-761327 | ||
| 020 |
_c250.00 _a8176500852 |
||
| 035 | _aB-761327 | ||
| 037 | _bउपहार | ||
| 082 |
_aक _bबीरसे |
||
| 100 |
_aजागासिंह,बीरसेन _974219 |
||
| 245 |
_aरिमझिम की फुहारें / _cबीरसेन जागासिंह |
||
| 260 |
_aनयी दिल्ली _bस्टार पब्लिकेशन _c2022 |
||
| 270 |
_a4/5, बी असफ अली रोड _bनयी दिल्ली _e110002 |
||
| 300 |
_a115पृ. _c24सेमी(अजिल्द) _bसचित्र |
||
| 500 | _aमॉरीशस की पच्चीस की हिन्दी बाल-कहानियाँ | ||
| 650 |
_aहिन्दी साहित्य _974220 |
||
| 650 |
_aहिन्दी बाल कहानियां _974221 |
||
| 650 |
_aHindi literature _974222 |
||
| 650 |
_aHindi stories _974223 |
||
| 942 |
_2ddc _cCH _hक _mबीरसे |
||
| 999 |
_c207127 _d207127 |
||